000 00414nam a22001697a 4500
003 CEME
005 20210628203442.0
008 210129b xxu||||| |||| 00| 0 eng d
040 _c.
082 _a133.54 AME
100 _aAmir Ali Khan
_965555
245 _aBurjon ka encyclopedia
260 _aLAHORE
_bMUMTAZ
_c2002
300 _a360P
650 _aENCYCLOPEDIA OF HOROSCOPE.STARS
_965556
942 _cBK
_2ddc
999 _c573726
_d573726